| 000 | 00424nam a2200121Ia 4500 | ||
|---|---|---|---|
| 008 | 180305s9999 xx 000 0 und d | ||
| 020 | _a9749053591 | ||
| 100 | _aDoenges, Marilynn E. | ||
| 245 |
_cMarilynn E. Doenges, Mary Frances Moorhouse, Alice C. Geissler-Murr _aNursing care Plans: _bGuidelines for Individualizing Patien Care/ |
||
| 250 | _a6th ed. | ||
| 260 |
_aUSA _bF.A Davis Company _c2002 |
||
| 300 | _avii, 873 pages | ||
| 999 |
_c356030 _d356030 |
||